000 00336nam a2200145Ia 4500
005 20250313124948.0
008 240331s9999 xx 000 0 und d
082 _bDAN
_a894
100 _aDaniel, K
245 0 _aKovinthan
260 _aChennai
_bAllaikal Publishers
_c1993
300 _a208 p.,
500 _aA Love Novel
942 _cL
999 _c3990
_d3990